Introducción al cálculo de probabilidades /
Guardado en:
| Autor Principal: | |
|---|---|
| Formato: | Libro |
| Publicado: |
Buenos Aires :
Eudeba,
1969
|
| Materias: | |
| Etiquetas: |
Agregar Etiqueta
Sin Etiquetas, Sea el primero en etiquetar este registro!
|
| LEADER | 00573nam a22001935a 4500 | ||
|---|---|---|---|
| 001 | CEM.cems016565 | ||
| 005 | 20100301181210.0 | ||
| 008 | 130507s1969##################000#0#####d | ||
| 003 | CEMS | ||
| 082 | 0 | 4 | |a 519 |
| 100 | 1 | |a Gnedenko, B. V. | |
| 245 | 1 | 0 | |a Introducción al cálculo de probabilidades / |c B. V. Gnedenko y A. I. Jinchin |
| 260 | |a Buenos Aires : |b Eudeba, |c 1969 | ||
| 300 | |a 82 p. | ||
| 653 | |a Matematica | ||
| 653 | |a Probabilidad | ||
| 653 | |a Teorema de bernouilli | ||
| 653 | |a Dispersion-estadistica | ||
| 859 | |a CEMS |b BIB. CEMS - Agricultura |h 519 |i G532 |p A17484.93 |t Ej.1 | ||
